Sufism and the perfect human: from Ibn 'Arabi to al-Jili
| Main Author: | |
|---|---|
| Format: | Print Book |
| Language: | English |
| Subito Delivery Service: | Order now. |
| Check availability: | HBZ Gateway |
| WorldCat: | WorldCat |
| Interlibrary Loan: | Interlibrary Loan for the Fachinformationsdienste (Specialized Information Services in Germany) |
| Published: |
London New York
Routledge
2021
|
| In: | Year: 2021 |
| Edition: | First published in paperback |
| Series/Journal: | Routledge Sufi series
|
| Further subjects: | B
Jīlī, ʿAbd al-Karīm ibn Ibrāhīm (1365 or 1366-)
B Ibn al-ʿArabī (1165-1240) B Theological Anthropology Islam B Sufism Doctrines |
MARC
| LEADER | 00000cam a22000008c 4500 | ||
|---|---|---|---|
| 001 | 1767497792 | ||
| 003 | DE-627 | ||
| 005 | 20251226194531.0 | ||
| 007 | tu | ||
| 008 | 210819s2021 xx ||||| 00| ||eng c | ||
| 016 | 7 | |a GBC1D1210 |2 UK | |
| 020 | |a 9781032174273 |c pbk ; (korrigiert) |9 978-1-032-17427-3 | ||
| 020 | |z 9781032174273 | ||
| 035 | |a (DE-627)1767497792 | ||
| 035 | |a (DE-599)KXP1767497792 | ||
| 035 | |a (OCoLC)1407046547 | ||
| 035 | |a (Uk)020289544 | ||
| 040 | |a DE-627 |b ger |c DE-627 |e rda | ||
| 041 | |a eng | ||
| 082 | 0 | |a 297.412 |2 23 | |
| 084 | |a 0 |2 ssgn | ||
| 084 | |a BE 8640 |2 rvk |0 (DE-625)rvk/10797: | ||
| 084 | |a CE 1150 |2 rvk |0 (DE-625)rvk/17852: | ||
| 100 | 1 | |e VerfasserIn |0 (DE-588)1220788880 |0 (DE-627)1737737981 |4 aut |a Morrissey, Fitzroy |d 1991- | |
| 109 | |a Morrissey, Fitzroy 1991- | ||
| 245 | 1 | 0 | |a Sufism and the perfect human |b from Ibn 'Arabi to al-Jili |c Fitzroy Morrissey |
| 250 | |a First published in paperback | ||
| 264 | 1 | |a London |a New York |b Routledge |c 2021 | |
| 300 | |a 170 Seiten |c 24 cm. | ||
| 336 | |a Text |b txt |2 rdacontent | ||
| 337 | |a ohne Hilfsmittel zu benutzen |b n |2 rdamedia | ||
| 338 | |a Band |b nc |2 rdacarrier | ||
| 490 | 0 | |a Routledge Sufi series | |
| 600 | 1 | 0 | |a Ibn al-ʿArabī |d 1165-1240 |
| 600 | 1 | 0 | |a Jīlī, ʿAbd al-Karīm ibn Ibrāhīm |d 1365 or 1366- |
| 650 | 0 | |a Theological Anthropology |x Islam | |
| 650 | 0 | |a Sufism |x Doctrines | |
| 776 | 1 | |z 9780367426729 |c hbk | |
| 935 | |a mteo | ||
| 936 | r | v | |a BE 8640 |b Mystik, Sufismus, Bruderschaften |k Theologie und Religionswissenschaften |k Religionswissenschaft |k Religionsgeschichte |k Islam |k Mystik, Sufismus, Bruderschaften |0 (DE-627)1270699490 |0 (DE-625)rvk/10797: |0 (DE-576)200699490 |
| 936 | r | v | |a CE 1150 |b Abhandlungen |k Philosophie |k Geschichte der Philosophie |k Geschichte der Philosophie des Abendlandes von Antike bis 20. Jahrhundert |k Philosophie des Mittelalters |k Arabische Philosophie des Mittelalters |k Abhandlungen |0 (DE-627)1270640534 |0 (DE-625)rvk/17852: |0 (DE-576)200640534 |
| 951 | |a BO | ||
| ELC | |b 1 | ||
| LOK | |0 000 xxxxxcx a22 zn 4500 | ||
| LOK | |0 001 3970085330 | ||
| LOK | |0 003 DE-627 | ||
| LOK | |0 004 1767497792 | ||
| LOK | |0 005 20210819232122 | ||
| LOK | |0 008 210816||||||||||||||||ger||||||| | ||
| LOK | |0 040 |a DE-Tue135 |c DE-627 |d DE-Tue135 | ||
| LOK | |0 092 |o n | ||
| LOK | |0 852 |a DE-Tue135 | ||
| LOK | |0 852 1 |9 00 | ||
| LOK | |0 935 |a ixbt | ||
| LOK | |0 939 |a 16-08-21 |b l01 | ||
| ORI | |a SA-MARC-ixtheoa001.raw | ||
| REL | |a 1 | ||
| SUB | |a REL | ||



